| 000 | 00631cam a22002411 4500 | ||
|---|---|---|---|
| 001 | sa 64008141 | ||
| 003 | DLC | ||
| 005 | 20260227112052.0 | ||
| 008 | 890407s1963 xx 000 0 maro | ||
| 010 | _asa 64008141 | ||
| 035 | _a(OCoLC)23574478 | ||
| 040 |
_aDLC _cMiU _dDLC |
||
| 042 | _apremarc | ||
| 043 | _aa-ii--- | ||
| 050 | 0 | 0 |
_aLB2947 _b.A7 |
| 100 | 1 |
_aAkolakara, Gaṇeśa Vināyaka, _d1909- |
|
| 245 | 1 | 0 | _aŚāleya vyavasthā. |
| 260 | _c[1963] | ||
| 300 |
_a2, 7, 326 p. _c19 cm. |
||
| 500 | _aRomanized. | ||
| 650 | 0 |
_aSchool management and organization _zIndia. |
|
| 700 | 1 |
_aPatankar, N. V., _ejoint author. |
|
| 999 |
_c60712 _d60712 |
||